| 000 | 007450000a22001210004500 | ||
|---|---|---|---|
| 100 | 1 | _aPatiño, Zaida. | |
| 245 | 1 | 0 | _aUna lectura sobre la formación científica en Colombia y México. |
| 300 | _ano.42 (dic.,2009), p.26-31 | ||
| 520 | _aLa reflexón que presentamos es un análisis parcial de la investigación doctoral titulada experiencias de formación científica con niños, niñas y jóvenes en Colombia y México. su intención es aportar elementos de análisis sobre la realidad educativa de estos paises, utilizando como pretexto dos programas de formación científica presentes en la educación básica. | ||
| 650 | 1 | 4 | _aINFORMACION CIENTIFICA - COLOMBIA |
| 773 | 0 | _tRevista internacional magisterio : educación y ped | |
| 942 | _cANA | ||
| 999 |
_c63087 _d63087 |
||